00660 2200265 4500001002100000005001500021035002000036007000300056008004100059040001700100100001400117245003900131250001300170300002600183020001800209041000800227082001400235084002000249090002500269260003700294600001200331700002400343850001000367990001700377INLIS00000000000319520260528024918 a0010-0421000018ta260528 0  aSBPUPADbind0 aSusmayati1 aAneka Masakan Sumatra /cSusmayati a--Cet--1 aix, 104 hlm. ;c20 cm a979-518-320-607aind a641.598.1 a641.598.1 SUS a a641.598.1 SUS a 20-8 a--Jakarta :bRineka Cipta,c1994 4aMasakan0 aPengarang 2,Asnidar aPUPAD a114751/Br-14